Cinco cartas para un viajero : la voz de una ciudad /

Guardado en:
Bibliografiske detaljer
Hovedforfatter: Esparza Sánchez, Cuauhtémoc (compilación)
Format: Bog
Sprog:spansk
Udgivet: Zacatecas, México : Universidad Autónoma de Zacatecas, Departamento de Investigaciones Históricas, 1976, c1976
Tags: Tilføj Tag
Ingen Tags, Vær først til at tagge denne postø!

MARC

LEADER 00000nam^a2200000^a^4500
001 000560775
005 20250521000000.0
009 20260310131909.842
037 |a Acervo ITESO - Biblioteca 
041 |a ESP 
091 |a FGM. 01293 
100 |a Esparza Sánchez, Cuauhtémoc  |e (compilación) 
245 1 0 |a Cinco cartas para un viajero :  |b la voz de una ciudad / 
264 4 |a Zacatecas, México :  |b Universidad Autónoma de Zacatecas, Departamento de Investigaciones Históricas,  |c 1976, c1976 
300 |a 50 p. 
336 |a texto  |b txt  |2 rdacontenido 
337 |a sin mediación  |b n  |2 rdamedio 
338 |a volumen  |b nc  |2 rdasoporte 
649 |a XX 
910 |a Fondo Efraín González Morfín 
920 |a Impresos - Libros 
930 |a Fondos Especiales 
905 |a 130 
901 |a 0500385407  |b IT2  |c ESL  |i D88917  |u 20250521 
902 |a https://opac.biblio.iteso.mx/vufind/Record/000560775